| 000 | 00621nam a22001937a 4500 | ||
|---|---|---|---|
| 003 | OSt | ||
| 005 | 20260113082213.0 | ||
| 008 | 260113b |||||||| |||| 00| 0 eng d | ||
| 020 | _a971-11-1020-2. | ||
| 040 |
_aDWCL-Main lib _cOC |
||
| 082 | _aFil. 550 R288b 1999 | ||
| 100 | _aRealuyo, Zenaida M. | ||
| 245 |
_aBasic concepts of earth science _cRealuyo, Zenaida M. |
||
| 260 |
_aMakati City : _bGoodwill Trading Co., Inc., _cc1999. |
||
| 300 |
_axvi, 307 pages : _billustration ; _c25 cm. |
||
| 504 | _aIncludes bibliographical references and index. | ||
| 650 | _21. Earth sciences. | ||
| 942 |
_2ddc _cBK - FIL _kFil. _n0 |
||
| 999 |
_c7347 _d7347 |
||